1412 1954 1186 1253 1748 1282 1344 1857 1768 1010 1494 1183 1068 1547 1638 1636 1230 1281 1596 1676 1172 1039 1992 1383 1756 1767 1887 1559 1782 1935 1625 1469 1160 1271 1285 1100 1904 1975 1036 1655 1753 1042 1371 1594 1708 1573 1098 1187 1793 1014 1404 1536 1254 1203 1869 1082 1279 1259 1728 1804 1381 1768 1420 1737 1413 1291 1866 1124 1337 1410 1184 1826 1619 1114 1939 1782 1295 1798 1505 1928 1286 1734 1046 1271 1185 1589 1175 1834 1500 1140 1866 1758 1472 1876 1090 1895 1022 1527 1487 BCNSPRNW ULIB Ver.6.0+V

เปลี่ยนเป็นภาษาไทย

Change to English
 แสดงรายละเอียดบรรณานุกรม
  กลับหน้าหลัก

Brief Record : Get Marc (ISO 2709) : E-mail record : QR code < ปิดหน้าต่าง
LEADER : 00000nam 2200000uu 4500
001    13399124598
003     ULIB
008    151015s2557||||th 000 0 tha d
060  4 ^aWY16 ^bอ126ป
110    ^aสถาบันพระบรมราชชนก กระทรวงสาธารณสุข
245  4 ^aเอกสารสืบเนื่องการสัมมนาวิชาการ QA to Quality of life/^cสถาบันพระบรมราชชนก กระทรวงสาธารณสุข
260    ^aนนทบุรี :^bกลุ่มงานประกันคุณภาพการศึกษา กลุ่มพัฒนาการศึกษา สถาบันพระบรมราชชนก,^c2557
300    ^a269 หน้า
500    ^a การแลกเปลี่ยนความรู้ทั้งภายในและภายนอกองค์กรเพื่อเสริมสร้างนวัตกรรมด้านการพัฒนาการประกันคุณภาพการศึกษา โดยพัฒนาการปฏิบัติงานที่ดี (Good Practics) วันที่ 17-18 มีนาคม 2557 ณ โรงแรมเอเชียแอร์พอร์ท
650  7 ^aการสัมมนาวิชาการ
650  7 ^aการสัมมนา
650  7 ^aการปฏิบัติงานที่ดี
945    ^p0^l0^i000118
945    ^p0^l0^i000119
945    ^p0^l0^i000120
945    ^p0^l0^i000121
999    ^aเกษร โพธิ์สุวรรณ
รายการนี้ยังไม่มีแท็ก
คุณยังไม่ได้ล็อกอิน คุณสามารถมีกิจกรรมร่วมกับเว็บไซต์ได้ แต่ต้องล็อกอินก่อน ::
  ล็อกอิน

รายการสื่อสารสนเทศ

ลำดับที่ ประเภท เลขเรียก/บาร์โค้ด สถานที่ สถานะ
1. วิทยาศาสตร์การแพทย์ และสุขภาพ
วิทยาศาสตร์การแพทย์ และสุขภาพ
สถานะ=หนังสือเก่า
WY16 อ126ป ฉ.1 
  Barcode: 000118
ห้องสมุดวิทยาเขตสวรรค์ประชารักษ์
►ส่วนจัดเก็บหนังสือเก่า สปร
บนชั้น
  ขอยืม
2. วิทยาศาสตร์การแพทย์ และสุขภาพ
วิทยาศาสตร์การแพทย์ และสุขภาพ
สถานะ=หนังสือเก่า
WY16 อ126ป ฉ.2 
  Barcode: 000119
ห้องสมุดวิทยาเขตสวรรค์ประชารักษ์
►ส่วนจัดเก็บหนังสือเก่า สปร
บนชั้น
  ขอยืม
3. วิทยาศาสตร์การแพทย์ และสุขภาพ
วิทยาศาสตร์การแพทย์ และสุขภาพ
สถานะ=หนังสือเก่า
WY16 อ126ป ฉ.3 
  Barcode: 000120
ห้องสมุดวิทยาเขตสวรรค์ประชารักษ์
►ส่วนจัดเก็บหนังสือเก่า สปร
บนชั้น
  ขอยืม
4. วิทยาศาสตร์การแพทย์ และสุขภาพ
วิทยาศาสตร์การแพทย์ และสุขภาพ
สถานะ=หนังสือเก่า
WY16 อ126ป ฉ.4 
  Barcode: 000121
ห้องสมุดวิทยาเขตสวรรค์ประชารักษ์
►ส่วนจัดเก็บหนังสือเก่า สปร
บนชั้น
  ขอยืม

รายการใกล้เคียง
    หัวเรื่อง [การสัมมนา]
    หัวเรื่อง [การปฏิบัติงานที่ดี]

BibComment


ยังไม่เคยถูกคอมเมนท์

คอมเมนท์ทรัพยากรรายการนี้
  คอมเมนท์: เอกสารสืบเนื่องก..


 Copyright 2026. Bcnsprnw @Library